| 000 | 00343nam a2200133Ia 4500 | ||
|---|---|---|---|
| 008 | 240624s9999 xx 000 0 und d | ||
| 041 | _aeng | ||
| 082 | _a658.452 SCH | ||
| 100 | _aSCHWERTLY SCOTT | ||
| 245 | _aHOW TO BE A PRESENTATION GOD BUILD DESIG | ||
| 260 |
_c2011 _aNew Jersey _bWiley |
||
| 300 | _axii, 260 p.; 22 cm. | ||
| 365 |
_c _b38 |
||
| 999 |
_c29073 _d29073 |
||